Score 0/20 Timer 03:00
2 Plays Today
Hint Missing 'E' Word % Correct
Bald _____Eagle
91.1%
Kinetic ______Energy
89.9%
_______ penguinEmperor
75.4%
Doppler ______Effect
74.1%
Endothermic or __________Exothermic
73.9%
Alkaline _____ MetalsEarth
61%
Valence ________Electron
54.3%
______ RutherfordErnest
50.7%
_______________ SpectrumElectromagnetic
48.9%
Vernal _______Equinox
48.4%
Hint Missing 'E' Word % Correct
Mass __________ eventExtinction
43%
______ JennerEdward
38.3%
___________ growthExponential
32.8%
Bose-________ CondensateEinstein
30.8%
Maxwell's _________Equations
29.1%
Convergent _________Evolution
16.4%
_______ collisionElastic
13.5%
______ MachineEnigma
11.1%
Sir David's long-beaked _______Echidna
8.7%
Plane of the ________Ecliptic
8.6%

Today's Daily Dose

Remove Ads.
Support Sporcle.
Get the best of Sporcle when you Go Orange. This ad-free experience offers more features, more stats, and more fun while also helping to support Sporcle. Thank you for becoming a member.

You're not logged in!

Compare scores with friends on all Sporcle quizzes.
OR
Log In

Show Comments

Extras

Top Quizzes Today


Score Distribution

Your Account Isn't Verified!

In order to create a playlist on Sporcle, you need to verify the email address you used during registration. Go to your Sporcle Settings to finish the process.

Report this User

Report this user for behavior that violates our Community Guidelines.

Details: